000 006400000a22002170004500
003 LK-CoMWRAF
005 20231206153601.0
008 230817t ||||| |||| 00| 0 eng d
020 _a3829025580
040 _aLK-CoMWRAF
_dLK-CoMWRAF
_eLK-CoMWRAF
041 _aeng
082 _a709.1767
_bISL
245 _aIslam:
_bArt and Architecture
260 _aCologne:
_bKonemann,
_c2000
300 _a 639 p. : ill. (chiefly color), color maps ; 32 cm
_bBibliography, glossary and index included
650 _aISLAMIC ARCHITECTURE
650 _aISLAMIC ART
700 _aHattstein,, Markus
_eed.
700 _aDelius, Peter
_eed.
942 _cBK
999 _c933
_d933